000 00722nam a2200217Ii 4500
003 JO-AjNU
008 230605s9999||||xx |||||||||||||| ||und||
017 _a1983/10/510
040 _aJO-AjNU
_bara
_erda
_cJO-AjNU
041 _aara
050 1 4 _aPJ7541.M57 1987
100 3 _a تأليف المصري، محمد عبد الغني,
_eauthor
_919168
245 0 0 _aدراسات أدبية ونحوية: ثقافة عامة
250 _aط4
264 3 1 _aعمان: دار الفرقان، 1987
300 _a263ص
336 _atext
_btxt
_2rdacontent
337 _aunmediated
_bn
_2rdamedia
338 _avolume
_bnc
_2rdacarrier
650 4 _aالأدب العربي - تاريخ ونقد - قواعد ونحو
_919169
999 _aA6269
_c9837
_d9837